000 00619nam a2200193Ia 4500
003 IN-BaIIA
008 211028s9999 xx 000 0 eng d
040 _cIIA Library
080 _a523.4
_bNASA
245 0 _aProject orion
_ba design study of a system for detecting extrasolar planets
_cedited by David C. Black
260 _aWashington
_bNational Aeronautics and Space Administration
_c1980
300 _axii, 204p.
490 _aNASA SP; 436
650 _aAstronomy and Astrophysics Thesaurus
650 _aPlanets
_9971
650 _aProject orion
_912384
700 _aBlack, David C., ed.
_912385
942 _cBK
999 _c7236
_d7236